000 01704nam a2200289Ia 4500
999 _c38058
_d38058
001 4044
003 GE_BSU
005 20190924151430.0
008 181216s1986||||ge |||||||||||||| ||geo||
040 _cGE_BSU
041 _ageo
080 _a94(479.22)(084.4)+39(479.22)+636(479.22) ს–32
245 _aსაქართველოს ისტორიულ-ეთნოგრაფიული ატლასი :
_bტ. 3 : მესაქონლეობა საქართველოში /
_cრედ. ალ. რობაქიძე.
264 _a თბ.:
_bმეცნიერება,
_c1986.
300 _a173 გვ.:
_b16ფ. ტაბ.;
_c26 სმ.
504 _a ბიბლიოგრ. სტატიების ბოლოს.
520 _aრეზ. რუს. ენაზე.
541 _h5 ლ.
653 _aეთნოგრაფიული ატლასი
653 _aარქეოლოგია
653 _aსაქართველოს ისტორიული ატლასები
653 _aსაქართველოს ეთნოგრაფიული ატლასები
653 _aმესაქონლეობა საქართველოში
700 _aრობაქიძე, ალ.
_eრედაქტორი
_94275
710 _aივ. ჯავახიშვილის სახ. ისტორიის, არქეოლოგიისა და ეთნოგრაფიის ინ-ტი, ნ. ბერძენიშვილის სახ. ბათუმის სამეცნ.-კვლევ. ინ-ტი.
_94276
942 _cBK
_2udc